|
|
|
|
| LEADER |
00000cam a2200000 7i4500 |
| 001 |
0000000075 |
| 005 |
20020716.0 |
| 020 |
0 |
0 |
|a 9839592378 (vol. I)
|a 9839592386 (vol. II)
|
| 090 |
0 |
0 |
|a R634.95
|b WYA 1995
|
| 100 |
1 |
0 |
|a WYATT-SMITH
|h J.
|
| 245 |
1 |
0 |
|a Manual of Malayan silviculture for inland forest; parts I-III
|c J. Wyatt-Smith with a chapter on soils by W.P. Panton
|
| 250 |
0 |
0 |
|a 2nd ed.
|
| 260 |
0 |
0 |
|a Kuala Lumpur :
|b FRIM ,
|c 1995
|
| 300 |
|
|
|a 2 v. :
|b ill. (loose and folded maps) ;
|c 26 cm.
|
| 440 |
0 |
0 |
|a Malayan forest records; n. 23
|
| 650 |
0 |
0 |
|a Forest ecology
|
| 650 |
0 |
0 |
|a Forest management
|
| 650 |
0 |
0 |
|a Forests and forestry
|z Malaya
|x History
|
| 650 |
0 |
0 |
|a Silvicultural systems
|
| 700 |
0 |
1 |
|a Panton
|h W. P.
|
| 998 |
|
|
|a JPSM
|
| 999 |
|
|
|a 0000001033
|b Monograph
|c Reference
|e Default branch
|
| 999 |
|
|
|a 0000001034
|b Monograph
|c Reference
|e Default branch
|
| 999 |
|
|
|a 0000001576
|b Monograph
|c Reference
|e Default branch
|
| 999 |
|
|
|a 0000001578
|b Monograph
|c Reference
|e Default branch
|
| 999 |
|
|
|a 0000001579
|b Monograph
|c Reference
|e Default branch
|
| 999 |
|
|
|a 0000003312
|b Monograph
|c Open Shelf
|e Default branch
|
| 999 |
|
|
|a 0000003367
|b Monograph
|c Open Shelf
|e Default branch
|
| 999 |
|
|
|a 0000004535
|b Monograph
|c Open Shelf
|e Default branch
|